LEADER 01012nam0 2200301 450 001 000029845 005 20140204162139.0 010 $a978-88-15-24724-7 100 $a20140204d2013----km-y0itay50------ba 101 0 $aita 102 $aIT 105 $aa-------001yy 200 1 $a<>ecologia del paesaggio$fCarlo Ferrari, Giovanna Pezzi 210 $aBologna$cll Mulino$dc2013 215 $a143 p.$c[2] carte di tav.: ill.$d21 cm 225 2 $aUniversale paperbacks Il mulino$v652 410 0$12001$aUniversale paperbacks Il mulino 500 10$a<>ecologia del paesaggio$940520 610 1 $aEcologia del paesaggio 610 1 $aPaesaggio$aEcologia 676 $a304.23$v22$9Ecologia umana. Fattori geografici, spaziali, temporali 700 1$aFerrari,$bCarlo$0298892 701 1$aPezzi,$bGiovanna$0522756 801 0$aIT$bUNIPARTHENOPE$c20130204$gRICA$2UNIMARC 912 $a000029845 951 $a304-E/3$b44825$cNAVA1$d2013 996 $aEcologia del paesaggio$940520 997 $aUNIPARTHENOPE LEADER 01759nam 2200433Ia 450 001 9910700835203321 005 20110815093905.0 035 $a(CKB)5470000002412667 035 $a(OCoLC)746755280 035 $a(EXLCZ)995470000002412667 100 $a20110815d2011 ua 0 101 0 $aeng 135 $aurcg||||||||| 181 $ctxt$2rdacontent 182 $cc$2rdamedia 183 $acr$2rdacarrier 200 10$aCombined multibeam and LIDAR bathymetry data from eastern Long Island Sound and westernmost Block Island Sound $ea regional perspective$b[electronic resource] /$fby L.J. Poppe ... [and others] 210 1$a[Reston, Va.] :$cU.S. Dept.of the Interio, U.S. Geological Survey,$d2011. 215 $a1 online resource $ccolor illustrations, color maps 225 1 $aU.S. Geological Survey open-file report ;$v2011-1003 300 $aTitle from title screen (viewed on Aug. 15, 2011). 320 $aIncludes bibliographical references. 517 $aCombined multibeam and LIDAR bathymetry data from eastern Long Island Sound and westernmost Block Island Sound 606 $aCoasts$zLong Island Sound (N.Y. and Conn.) 606 $aOcean bottom$zLong Island Sound (N.Y. and Conn.) 606 $aCoasts$zRhode Island$zBlock Island Sound 606 $aOcean bottom$zRhode Island$zBlock Island Sound 615 0$aCoasts 615 0$aOcean bottom 615 0$aCoasts 615 0$aOcean bottom 700 $aPoppe$b Lawrence J$01395253 712 02$aGeological Survey (U.S.) 801 0$bGPO 801 1$bGPO 906 $aBOOK 912 $a9910700835203321 996 $aCombined multibeam and LIDAR bathymetry data from eastern Long Island Sound and westernmost Block Island Sound$93534773 997 $aUNINA LEADER 01155nas 2200397-a 450 001 996199822303316 005 20240413025720.0 035 $a(CKB)111088195278420 035 $a(CONSER)--2004212913 035 $a(EXLCZ)99111088195278420 100 $a20040121a20049999 --- a 101 0 $aeng 181 $ctxt$2rdacontent 182 $cc$2rdamedia 183 $acr$2rdacarrier 200 04$aThe American surveyor 210 $aFrederick, MD $cCheves Media$d[2004]- 215 $a1 online resource 300 $aTitle from cover. 311 $aPrint version: The American surveyor. (DLC) 2004212913 (OCoLC)54059778 1548-2669 531 $aAMERICAN SURVEYOR 531 0 $aAm. surv. 606 $aSurveying$vPeriodicals 606 $aSurveying$zUnited States$vPeriodicals 606 $aSurveying$2fast$3(OCoLC)fst01139579 607 $aUnited States$2fast 608 $aPeriodicals.$2fast 615 0$aSurveying 615 0$aSurveying 615 7$aSurveying. 676 $a526.9 906 $aJOURNAL 912 $a996199822303316 920 $aexl_impl conversion 996 $aThe American surveyor$92091417 997 $aUNISA